00625nam a2200193Ia 4500008004100000020001500041041001200056082001600068100001400084245006400098250000800162260002500170300000800195650001900203700001600222942000700238999001500245952017100260221030s9999 xx 000 0 und d a8120311477 aEnglish a105.23bKol aB. Kolman 0aDiscrete Mathematical Structurescby B. Kolman, R. C. Busby a3rd bPHIaNew Delhic2000 a524 aBE Mathematics aR. C. Busby cBK c7028d7028 pBE 3054g225.00l0o105.23 Kolr2024-06-13 00:00:00w2022-10-30yBK003Print4070aMIETLIBbMIETLIBcBL-Academic Block- A, FL-1, CUP-3, SH-2, R-2d2001-03-1610HBE